Recordando a Don Vicente Guerrero / SEP (Record no. 75745)
[ view plain ]
| 000 -CABECERA | |
|---|---|
| campo de control de longitud fija | 00445nam a2200157 a 4500 |
| 005 - FECHA Y HORA DE LA ÚLTIMA TRANSACCIÓN | |
| campo de control | 20210223124020.0 |
| 008 - ELEMENTOS DE LONGITUD FIJA--INFORMACIÓN GENERAL | |
| campo de control de longitud fija | 991125n 000 0 spa u |
| 035 ## - NÚMERO DE CONTROL DEL SISTEMA | |
| Número de control de sistema | UPN01000096450 |
| 100 1# - ASIENTO PRINCIPAL--NOMBRE PERSONAL | |
| Nombre de persona | Miranda Basurto, Angel |
| 9 (RLIN) | 29331 |
| 222 ## - TÍTULO CLAVE | |
| Título clave | TRIBUNA : |
| Información calificativa | REVISTA BIMESTRAL INFORMATIVA Y DE ORIENTACION |
| 245 ## - MENCIÓN DE TÍTULO | |
| Título | Recordando a Don Vicente Guerrero / SEP |
| 300 ## - DESCRIPCIÓN FÍSICA | |
| Extensión | 38-42 |
| 362 ## - FECHAS DE PUBLICACIÓN Y/O DESIGNACIÓN SECUENCIAL | |
| Fecha de publicación y/o designación secuencial | 1954 2 (8) |
| 904 ## - ELEMENTOS DE DATOS D LOCAL, LDD (RLIN) | |
| a | AC |
| b | 034261 |
| 905 ## - TIPO DE MATERIAL | |
| Tipo de material | Articulo |
No items available.
